5HLuxD.jpg

KING HENRY VIII SENIOR AND PRIMARY SCHOOL LIBRARY OPAC

Pete the Kitty and the case of the hiccups / (Record no. 1708)

000 -LEADER
fixed length control field 01591cam a2200373 i 4500
001 - CONTROL NUMBER
control field (Sirsi) a1118285
003 - CONTROL NUMBER IDENTIFIER
control field OSt
005 - DATE AND TIME OF LATEST TRANSACTION
control field 20230120134345.0
008 - FIXED-LENGTH DATA ELEMENTS--GENERAL INFORMATION
fixed length control field 190624t20192019nyua b 000 1 eng d
020 ## - INTERNATIONAL STANDARD BOOK NUMBER
International Standard Book Number 9780062868268
Qualifying information (paperback) :
040 ## - CATALOGING SOURCE
Original cataloging agency YDX
Language of cataloging eng
Transcribing agency YDX
Description conventions rda
Modifying agency BDX
-- SSH
-- ATNSH
-- NZLEP
-- OCLCQ
-- IG
-- PCX
-- UAP
-- JQM
-- QQ3
-- IGA
-- OCLCF
-- VTL
-- LQM
-- JQW
-- ANK
-- OCLCO
-- WSD
-- DLC
-- TAE
-- KH8
042 ## - AUTHENTICATION CODE
Authentication code nbic
082 0# - DEWEY DECIMAL CLASSIFICATION NUMBER
Classification number 813.6 DEA
100 1# - MAIN ENTRY--PERSONAL NAME
Personal name Dean, James,
Dates associated with a name 1957-
Relator term author,
-- illustrator.
245 10 - TITLE STATEMENT
Title Pete the Kitty and the case of the hiccups /
Statement of responsibility, etc. by James Dean.
250 ## - EDITION STATEMENT
Edition statement First edition.
264 #1 - PRODUCTION, PUBLICATION, DISTRIBUTION, MANUFACTURE, AND COPYRIGHT NOTICE
Place of production, publication, distribution, manufacture New York :
Name of producer, publisher, distributor, manufacturer Harper, an imprint of HarperCollinsPublishers,
Date of production, publication, distribution, manufacture, or copyright notice [2019]
264 #4 - PRODUCTION, PUBLICATION, DISTRIBUTION, MANUFACTURE, AND COPYRIGHT NOTICE
Date of production, publication, distribution, manufacture, or copyright notice ©2019.
300 ## - PHYSICAL DESCRIPTION
Extent 32 pages :
Other physical details color illustrations ;
Dimensions 23 cm.
336 ## - CONTENT TYPE
Content type term text
Content type code txt
Source rdacontent.
336 ## - CONTENT TYPE
Content type term still image
Content type code sti
Source rdacontent.
337 ## - MEDIA TYPE
Media type term unmediated
Media type code n
Source rdamedia.
338 ## - CARRIER TYPE
Carrier type term volume
Carrier type code nc
Source rdacarrier.
490 1# - SERIES STATEMENT
Series statement I can read! My first shared reading.
520 ## - SUMMARY, ETC.
Summary, etc. "Pete gets a case of the hiccups, and he doesn't know what to do! He decides to ask his wisest friends for help, like Grumpy Toad, Callie, and Bob. But Pete is still stuck with the hiccups! Will Pete the Kitty ever get rid of his terrible hiccups?''--Publisher's description.
521 1# - TARGET AUDIENCE NOTE
Target audience note Ages 4-8.
521 2# - TARGET AUDIENCE NOTE
Target audience note Guided reading level F.
600 00 - SUBJECT ADDED ENTRY--PERSONAL NAME
Personal name Pete,
Titles and other words associated with a name the Cat (Fictitious character)
Form subdivision Juvenile fiction.
650 #0 - SUBJECT ADDED ENTRY--TOPICAL TERM
Topical term or geographic name entry element Cats
Form subdivision Juvenile fiction.
650 #0 - SUBJECT ADDED ENTRY--TOPICAL TERM
Topical term or geographic name entry element Hiccups
Form subdivision Juvenile fiction.
650 #0 - SUBJECT ADDED ENTRY--TOPICAL TERM
Topical term or geographic name entry element Friendship
Form subdivision Juvenile fiction.
830 #0 - SERIES ADDED ENTRY--UNIFORM TITLE
Uniform title I can read book.
942 ## - ADDED ENTRY ELEMENTS (KOHA)
Source of classification or shelving scheme
Koha item type Books - Non Ficton
Holdings
Withdrawn status Lost status Source of classification or shelving scheme Damaged status Not for loan Collection code Permanent Location Current Location Shelving location Date acquired Total Checkouts Full call number Barcode Date last seen Date last checked out Price effective from Koha item type
          Non-Fiction KH8 Primary School Library KH8 Primary School Library Non Fiction 2023-01-20 19 813.6 DEA KHPL000003466 2025-12-05 2025-11-12 2023-01-20 Books - Non Ficton

Powered By KH8 IT Dept